ბათუმის შოთა რუსთაველის სახელმწიფო უნივერსიტეტის ბიბლიოთეკა

Технология строительного производства. (ბიბ.ჩანაწერი № 50828)

000 -LEADER
fixed length control field 00765nam a2200217Ia 4500
001 - CONTROL NUMBER
control field 17782
003 - CONTROL NUMBER IDENTIFIER
control field GE_BSU
008 - FIXED-LENGTH DATA ELEMENTS--GENERAL INFORMATION
fixed length control field 181216s||||||||xx |||||||||||||| ||und||
040 ## - CATALOGING SOURCE
Transcribing agency GE_BSU
080 ## - UNIVERSAL DECIMAL CLASSIFICATION NUMBER
Universal Decimal Classification number 624.0+658.5(075.8)
100 ## - MAIN ENTRY--PERSONAL NAME
Personal name Литвинов,О.О. Беляков,Ю.И. Батура,Г.М.
245 ## - TITLE STATEMENT
Title Технология строительного производства.
245 ## - TITLE STATEMENT
Remainder of title Учебник.
245 ## - TITLE STATEMENT
Statement of responsibility, etc. Под ред. О.О.Литвинова и Ю.И.Белякова.
260 ## - PUBLICATION, DISTRIBUTION, ETC.
Place of publication, distribution, etc. Киев.
260 ## - PUBLICATION, DISTRIBUTION, ETC.
Name of publisher, distributor, etc. Выща школа.
260 ## - PUBLICATION, DISTRIBUTION, ETC.
Date of publication, distribution, etc. 1985.
300 ## - PHYSICAL DESCRIPTION
Extent 479 стр. с илл. 25 см. Библиогр.: стр.475.
653 ## - INDEX TERM--UNCONTROLLED
Uncontrolled term Технология строительного производства.
942 ## - ADDED ENTRY ELEMENTS (KOHA)
Koha item type წიგნი
ეგზემპლარები
Withdrawn status Lost status Damaged status Not for loan Date acquired Barcode Date last seen Price effective from Koha item type
        2018-12-17 10037 2018-12-17 2018-12-17 წიგნი